000 00449nam a2200181Ia 4500
001 22261
005 20260414150819.0
008 260414t2011||||xx |||||||||||||| ||spa||
041 _aESP
082 _a621.3
_bH22
100 _aHarper, Enríquez
_eAUT
245 0 _aEl abc de las instalaciones eléctricas industriales
_b
260 _c2011
300 _a580 páginas :
_c25 cm.
650 _aTCA
654 _aCET
942 _cLIB
_dJUS
_fJUS
_2ddc
_n
999 _c22261
_d22261